000 00679nam a2200289Ia 4500
005 20260324121603.0
008 008 260324s9999 xx 000 0 eng d
020 _a9781315595634
037 _aEBOOK
040 _aCRL
040 _beng
040 _cCRL
041 _2eng
041 _aeng
084 _qCRL
100 _aMagda Leichtova
_91163084
245 0 _aMisunderstanding Russia
245 0 _bRussian Foreign Policy and the West
260 _bTaylor and Francis
260 _c2014
365 _a
365 _b230
856 _uhttp://www.taylorfrancis.com/books/9781315595634
942 _cEBOOK
999 _c1755295
_d1755295